000 00868nam a22003017a 4500
001 8027
003 FISKH
005 20250819104057.0
008 250819b cb ||||| |||| 00| 0 eng d
020 _a9781612360270
040 _aFISKH
_beng
_cFISKH
_dFISKH
050 _aPZ7.K666 EB
082 _a813.54
100 _aKoontz, Robin
245 _aCinderella Zelda /
_cBy Robin Koontz ; Illustrated by Helen Poole
250 _aThis edition first publisheed in 2012
260 _aGuangdong :
_bRourke,
_c2012
300 _a24 pages :
_bcolor illustrations ;
_c21 cm
505 _aG
520 _aThis advanced reader retells a classic story.
521 8 _a370
_bLexile
521 8 _aG
_bRaz-Plus
650 _2Fairy tales
_aFamily
650 _2Fiction
_aCinderella
700 _aPoole, Helen
_dillustrator
942 _2ddc
_cBK
_n0
999 _c8027
_d8027